Online Catalogue and eLibrary

Changing Family Roles and Feminism (Record no. 1947)

MARC details
000 -LEADER
fixed length control field 00510nam a2200205Ia 4500
005 - DATE AND TIME OF LATEST TRANSACTION
control field 20250123052611.0
008 - FIXED-LENGTH DATA ELEMENTS--GENERAL INFORMATION
fixed length control field 240331s9999 xx 000 0 und d
020 ## - INTERNATIONAL STANDARD BOOK NUMBER
ISBN 8185880921
082 ## - DDC Classification
Item Number - Author Mark DAS
DDC Edition Number 2294
Class No. 305.4
245 #0 - TITLE STATEMENT
Title Changing Family Roles and Feminism
260 ## - PUBLICATION, DISTRIBUTION, ETC.
Place of publication, distribution, etc. New Delhi
Name of publisher, distributor, etc. M D Publications Pvt Ltd
Date of publication, distribution, etc. 1996
300 ## - PHYSICAL DESCRIPTION
Extent (e.g. Volumes, Pages etc.) xii, 145 p.,
650 ## - SUBJECT ADDED ENTRY--TOPICAL TERM
Topical term or geographic name entry element Family
650 ## - SUBJECT ADDED ENTRY--TOPICAL TERM
Topical term or geographic name entry element Feminism
650 ## - SUBJECT ADDED ENTRY--TOPICAL TERM
Topical term or geographic name entry element Women
650 ## - SUBJECT ADDED ENTRY--TOPICAL TERM
Topical term or geographic name entry element Marriage
700 ## - ADDED ENTRY--PERSONAL NAME
Personal name Das, M. S
Relator term (Role) Editor
700 ## - ADDED ENTRY--PERSONAL NAME
Personal name Gupta, V. K
Relator term (Role) Editor
942 ## - Koha item type (Biblio)
Koha item type Books in Stacks (Lending)
Holdings
Lost status Damaged status Collection code Home library Current library Shelving location Date acquired Full call number Accession Number Item type
    Lending WERC Library WERC Library Social Science Cupboard 03/31/2024 305.48 CHA 2294 Books in Stacks (Lending)

© WERC Library